000 00787nam a2200253Ia 4500
003 OSt
005 20220918171358.0
006 a|||||r|||| 00| 0
007 ta
008 220917b |||||||| |||| 00| 0 eng d
020 _a9781588268693 (hbk)
_c3538.07
024 _a281,422
037 _b002, 24/07/2014, Pioneer Book Distributors
_cTextual
040 _aARTS
_cARTS
_beng
041 _2eng
_aeng
082 _aV6,4.P, Q3
100 _aDoorenspleet Renske Ed.
_936190
245 0 _aOne party dominance in African democracies
260 _aLondon
_bLynne Rienner Pub. UK
_c2013
300 _aix,257p.
_ccm.
650 _aHISTORY
942 _hV6,4.P, Q3
_cTEXL
_2CC
999 _c139290
_d139290